| 000 | 04907cam a22007814i 4500 | ||
|---|---|---|---|
| 003 | PE-LiUPU | ||
| 005 | 20250731180141.0 | ||
| 008 | 150706s2008 sp r 00i 0 spa d | ||
| 020 | _a9788429150445 | ||
| 035 | _a(Sirsi) i9788429150445 | ||
| 040 |
_aPE-LiUPU _bspa _cPE-LiUPU _erda |
||
| 041 | 1 |
_aspa _heng |
|
| 049 | _aPRUA | ||
| 082 | 0 | 4 |
_a519.2 _bB782008 _221 |
| 082 | 0 | 4 |
_a519.2 _bB79 2008 _221 |
| 100 | 1 |
_aBox, George E., _eautor. |
|
| 245 | 1 | 0 |
_aEstadística para investigadores : _bdiseño, innovación y descubrimiento / _cGeorge E. Box, J. Stuart Hunter y William G. Hunter. |
| 250 | _aSegunda edición. | ||
| 264 | 1 |
_aBarcelona : _bREVERTÉ, _c2008. |
|
| 300 |
_a639 páginas : _bilustraciones ; _c24 centímetros |
||
| 336 |
_atext _2rdacontent |
||
| 337 |
_aunmediated _2rdamedia |
||
| 338 |
_avolume _2rdacarrier |
||
| 505 | 0 | _aCatalizar la generación del conocimiento -- Fundamentos (probabilidad, parámetros y estadístico) -- Comparación de dos tratamientos: distribuciones de referencia , pruebas e intervalos de confianza -- Comparación de arios tratamientos, bloques aleatorizados y cuadrados latinos -- Diseño factoriales a dos niveles -- Diseño factoriales fraccionadas -- Diseños fraccionados adicionales y su análisis -- Diseño factoriales y transformación de datos -- Fuentes de variación múltiples -- Mínimos cuadrados y la necesidad de los diseños de experimentos -- Modelado, geometría de experimentos -- Alguna aplicaciones de los métodos de superficie de respuesta -- Introducción al diseño de productos y procesos robusto -- Introducción al control de procesos, pronósticos y series temporales -- Proceso en operación evolutiva. | |
| 526 | _aSEG44 | ||
| 526 | _aSEG26 | ||
| 526 | _aP159 | ||
| 526 | _aP155 | ||
| 526 | _aP154 | ||
| 526 | _aP153 | ||
| 526 | _aP150 | ||
| 526 | _aP100 | ||
| 526 | _aP31 | ||
| 526 | _aP30 | ||
| 526 | _aP26 | ||
| 526 | _aP25 | ||
| 526 | _aP24 | ||
| 526 | _aP22 | ||
| 526 | _aP15 | ||
| 526 | _aP10 | ||
| 534 |
_pTítulo original : _tStatistics for Experimenters desing, innovation, and Discovery. |
||
| 541 | _g030-0013375; | ||
| 541 | _g0054-0000884; | ||
| 541 | _g0020-0002809; | ||
| 541 | _g022-00000049; | ||
| 650 | 0 | 4 | _aEstadística. |
| 650 | 0 | 4 | _aProbabilidad y estadística matemáticas. |
| 700 | 1 |
_aHunter, J. Stuart, _eautor. |
|
| 700 | 1 |
_aHunter, William G., _eautor. |
|
| 910 |
_agl _bjv _cng _d20091014 |
||
| 910 |
_armch _btqv _crmch _d20170731 |
||
| 910 |
_adbm _bncf _cncf _d20180517 |
||
| 942 |
_2ddc _cBOOK |
||
| 949 |
_a519.2 B78 2008 _wDEWEY _c1 _i60596 _lCCODEBUL1 _mBUL _p44.00 _r0 _sY _tBOOK _u2015-7-6 _xINGENIERIA _PP27 _0COMPRA _o.STAFF. Colección General |
||
| 949 |
_a519.2 B78 2008 _wDEWEY _c2 _i65872 _lCCODEBUL1 _mBUL _p37.00 _r0 _sY _tBOOK _u2015-7-6 _xFCE _PP04 _o.STAFF. Colección General |
||
| 949 |
_a519.2 B79 2008 _wDEWEY _c1 _iFJ05726 _lCCODEBUJ1 _mBUJ _p44.00 _r0 _sY _tBOOK _u2016-7-10 _xINGENIERIA _PP25 _0COMPRA _o.STAFF. Colección General Juliaca |
||
| 949 |
_a519.2 B79 2008 _wDEWEY _c1 _iFJ08380 _lCCODEBUJ1 _mBUJ _p54.53 _r0 _sY _tBOOK _u2017-7-31 _xEDUCACION _PP20 _0COMPRA _o.STAFF. Colección General Juliaca |
||
| 994 |
_aC0 _bPEPRU |
||
| 596 | _a1 3 | ||
| 999 |
_a519.2 B78 2008 _wDEWEY _c50015 _i60596 _d50015 _e2017-6-2 _f2021-11-9 _g7 _lCCODEBUL1 _mBUL _n1 _p44.00 _q1 _r0 _sY _tBOOK _u2015-7-6 _xINGENIERIA _PP27 _0COMPRA _o.STAFF. Colección Ingeniería y Arquitectura |
||
| 999 |
_a519.2 B78 2008 _wDEWEY _c2 _i65872 _e2017-4-24 _f2019-12-11 _g5 _lCCODEBUL1 _mBUL _n1 _p37.00 _r0 _sY _tBOOK _u2015-7-6 _xFCE _PP04 _o.STAFF. Colección General |
||
| 999 |
_a519.2 B78 2008 _wDEWEY _c3 _i75981 _d2019-8-4 _f2021-11-5 _g4 _lCCODEBUL1 _mBUL _p100.52 _q2 _r0 _sY _tBOOK _u2017-6-2 _xBIBLIOTECA _PP33 _0COMPRA _o.CIRCNOTE. Contenido de alto precio. _o.STAFF. Colección Ciencias de la Salud |
||
| 999 |
_a519.2 B78 2008 _wDEWEY _c4 _i78333 _f2021-11-9 _g4 _lCCODEBUL1 _mBUL _p55.57 _r0 _sY _tBOOK _u2018-5-17 _xINGENIERIA _PP24 _0COMPRA _1FCOMPRA _o.STAFF. Colección Ingeniería y Arquitectura |
||
| 999 |
_a519.2 B78 2008 _wDEWEY _c5 _i78334 _d2019-5-26 _f2021-11-9 _g4 _lCCODEBUL1 _mBUL _p55.57 _q4 _r0 _sY _tBOOK _u2018-5-17 _xINGENIERIA _PP24 _0COMPRA _1FCOMPRA _o.STAFF. Colección Ingeniería y Arquitectura |
||
| 999 |
_a519.2 B79 2008 _wDEWEY _c1 _iFJ05726 _d2019-8-16 _e2019-8-14 _f2022-1-19 _g4 _lCCODEBUJ1 _mBUJ _n1 _p30.00 _q1 _r0 _sY _tBOOK _u2017-1-19 _xINGENIERIA _PP25 _0COMPRA _o.STAFF. Colección General Juliaca |
||
| 999 |
_a519.2 B79 2008 _wDEWEY _c2 _iFJ08380 _d2017-8-23 _e2017-8-21 _f2022-1-19 _g4 _lCCODEBUJ1 _mBUJ _n1 _p53.54 _r0 _sY _tBOOK _u2017-7-31 _xEDUCACION _PP20 _0COMPRA _o.STAFF. Colección General Juliaca |
||
| 980 |
_81 _gALBERTO SANCHEZ Responsable de Automatización |
||